000 00597nac a22001811u 4500
010 _a 2003054828
020 _a0201773449 (alk. paper)
082 0 0 _a005.43
_bNUT
090 _c5172
_d5172
100 _aNutt, Gary J.
245 1 0 _aOperating systems /
_cGary Nutt.
250 _a3rd ed.
260 _aBoston :
_bPearson/Addison Wesley,c2004.
_cc2004.
300 _axxxiii, 894 p. :
_bcol. ill. ;
_c24 cm.
504 _aIncludes bibliographical references (p. 873-877) and index.
650 0 _aOperating systems (Computers)
942 _cTB
_k005.43NUT
999 _c5172
_d5172